| 000 | 00890nam a2200253 i 4500 | ||
|---|---|---|---|
| 001 | 125228 | ||
| 003 | ES-MaACL | ||
| 005 | 20250825062603.0 | ||
| 007 | t| | ||
| 008 | 070508s1927 sp ||||1| spa d | ||
| 080 | _a821.134.2-23"19 | ||
| 100 | 1 |
_aCuyás de la Vega, Arturo. _942305 |
|
| 245 | 1 | 3 |
_aEl astrólogo afligido / _cPedro Calderón de la Barca ; comedia en tres actos refundida en dos por Arturo Cuyás de la Vega. |
| 260 |
_aMadrid : _bPrensa Moderna, _c1927. |
||
| 300 |
_a65 p. ; _c17 cm. |
||
| 490 | 1 |
_aEl Teatro moderno ; _v118 |
|
| 500 | _aReestrenada en el Teatro Calderón, de Madrid, el 9 de diciembre de 1927. | ||
| 650 | 1 | 4 |
_a _9239560 |
| 700 | 1 |
_aCalderón de la Barca, Pedro, _d1600-1681 _eaut _9239594 |
|
| 830 | 0 | 3 |
_aEl teatro moderno (Prensa Moderna) _v118 _9182365 |
| 852 | 4 |
_aES-MaACL _j2228-F-10 _9R.140833 |
|
| 942 | _2udc | ||
| 999 |
_c125228 _d125228 |
||